000 00283nam a2200133Ia 4500
100 _aMerchant/Minhaz
650 _aGeneral
942 _cBK
654 _abirla
245 _aAditya Vikram Birla:A Biography
260 _bViking
_c1997
082 _a920/MER
_bMER
546 _aENGLISH
999 _c32475
_d32475